| 000 | 00748nam a2200181 4500 | ||
|---|---|---|---|
| 008 | 210326b ||||| |||| 00| 0 eng d | ||
| 040 |
_aDE-2950 _bger _cDE-2950 _erda |
||
| 245 |
_a10 Jahre Hauskrankenpflege Sonnenschein _bÜberraschung zum Geburtstag. Der Mitarbeiterstamm um René und Jenny Siewert hat sich an den Märkischen Sonntag gewandt - um in Form einer Sonderveröffentlichung zu gratulieren/ |
||
| 264 | _c2024 | ||
| 653 | _aFrankfurt (Oder) | ||
| 653 | _aJubiläum | ||
| 653 | _aHauskrankenpflege Sonnenschein | ||
| 773 |
_dFrankfurt (Oder) : Märkisches Medienhaus _tMärkischer Sonntag _g28. Jahrgang, KW 35 vom 30.08.2025, S. 4,5 mit Foto |
||
| 942 | _cA | ||
| 999 |
_c373988 _d373988 |
||